<?xml version="1.0" encoding="UTF-8"?>
<collection xmlns="http://www.loc.gov/MARC21/slim">
 <record>
  <leader>04324cam a2200829   4500</leader>
  <controlfield tag="001">267564120</controlfield>
  <controlfield tag="003">DE-627</controlfield>
  <controlfield tag="005">20241215031922.0</controlfield>
  <controlfield tag="007">tu</controlfield>
  <controlfield tag="008">990419s1999    gw |||||      00| ||ger c</controlfield>
  <datafield tag="015" ind1=" " ind2=" ">
   <subfield code="a">99,N20,0003</subfield>
   <subfield code="2">dnb</subfield>
  </datafield>
  <datafield tag="015" ind1=" " ind2=" ">
   <subfield code="a">99,A28,0010</subfield>
   <subfield code="2">dnb</subfield>
  </datafield>
  <datafield tag="016" ind1="7" ind2=" ">
   <subfield code="a">956224423</subfield>
   <subfield code="2">DE-101</subfield>
  </datafield>
  <datafield tag="020" ind1=" " ind2=" ">
   <subfield code="a">3895000876</subfield>
   <subfield code="c">kart. : DM 29.80</subfield>
   <subfield code="9">3-89500-087-6</subfield>
  </datafield>
  <datafield tag="020" ind1=" " ind2=" ">
   <subfield code="a">9783895000874</subfield>
   <subfield code="c">18,-€</subfield>
   <subfield code="9">978-3-89500-087-4</subfield>
  </datafield>
  <datafield tag="024" ind1="3" ind2=" ">
   <subfield code="a">9783895000874</subfield>
  </datafield>
  <datafield tag="035" ind1=" " ind2=" ">
   <subfield code="a">(DE-627)267564120</subfield>
  </datafield>
  <datafield tag="035" ind1=" " ind2=" ">
   <subfield code="a">(DE-576)077444027</subfield>
  </datafield>
  <datafield tag="035" ind1=" " ind2=" ">
   <subfield code="a">(DE-599)GBV267564120</subfield>
  </datafield>
  <datafield tag="035" ind1=" " ind2=" ">
   <subfield code="a">(OCoLC)612081499</subfield>
  </datafield>
  <datafield tag="035" ind1=" " ind2=" ">
   <subfield code="a">(OCoLC)43811550</subfield>
  </datafield>
  <datafield tag="035" ind1=" " ind2=" ">
   <subfield code="a">(OCoLC)612081499</subfield>
  </datafield>
  <datafield tag="040" ind1=" " ind2=" ">
   <subfield code="a">DE-627</subfield>
   <subfield code="b">ger</subfield>
   <subfield code="c">DE-627</subfield>
   <subfield code="e">rakwb</subfield>
  </datafield>
  <datafield tag="041" ind1=" " ind2=" ">
   <subfield code="a">ger</subfield>
  </datafield>
  <datafield tag="044" ind1=" " ind2=" ">
   <subfield code="c">XA-DE-HE</subfield>
  </datafield>
  <datafield tag="050" ind1=" " ind2="0">
   <subfield code="a">CN950</subfield>
  </datafield>
  <datafield tag="082" ind1="0" ind2=" ">
   <subfield code="a">431/.1</subfield>
  </datafield>
  <datafield tag="084" ind1=" " ind2=" ">
   <subfield code="a">02</subfield>
   <subfield code="2">sdnb</subfield>
  </datafield>
  <datafield tag="084" ind1=" " ind2=" ">
   <subfield code="a">ND 4400</subfield>
   <subfield code="2">rvk</subfield>
   <subfield code="0">(DE-625)rvk/124964:</subfield>
  </datafield>
  <datafield tag="084" ind1=" " ind2=" ">
   <subfield code="a">AM 20165</subfield>
   <subfield code="2">rvk</subfield>
   <subfield code="0">(DE-625)rvk/4168:</subfield>
  </datafield>
  <datafield tag="084" ind1=" " ind2=" ">
   <subfield code="a">AM 21600</subfield>
   <subfield code="2">rvk</subfield>
   <subfield code="0">(DE-625)rvk/4188:</subfield>
  </datafield>
  <datafield tag="084" ind1=" " ind2=" ">
   <subfield code="a">AM 12100</subfield>
   <subfield code="2">rvk</subfield>
   <subfield code="0">(DE-625)rvk/4098:</subfield>
  </datafield>
  <datafield tag="084" ind1=" " ind2=" ">
   <subfield code="a">06.13</subfield>
   <subfield code="2">bkl</subfield>
  </datafield>
  <datafield tag="084" ind1=" " ind2=" ">
   <subfield code="a">15.14</subfield>
   <subfield code="2">bkl</subfield>
  </datafield>
  <datafield tag="245" ind1="1" ind2="0">
   <subfield code="a">Deutsche Inschriften</subfield>
   <subfield code="b">Terminologie zur Schriftbeschreibung</subfield>
   <subfield code="c">erarbeitet von den Mitarbeitern der Inschriftenkommissionen der Akademie der Wissenschaften in Berlin ...</subfield>
  </datafield>
  <datafield tag="246" ind1="3" ind2="3">
   <subfield code="a">Die deutschen Inschriften / Terminologie zur Schriftbeschreibung</subfield>
  </datafield>
  <datafield tag="263" ind1=" " ind2=" ">
   <subfield code="a">brosch. : DM 29.80</subfield>
  </datafield>
  <datafield tag="264" ind1=" " ind2="1">
   <subfield code="a">Wiesbaden</subfield>
   <subfield code="b">Reichert</subfield>
   <subfield code="c">1999</subfield>
  </datafield>
  <datafield tag="300" ind1=" " ind2=" ">
   <subfield code="a">101 Seiten</subfield>
   <subfield code="b">Illustrationen</subfield>
   <subfield code="c">24 cm</subfield>
  </datafield>
  <datafield tag="336" ind1=" " ind2=" ">
   <subfield code="a">Text</subfield>
   <subfield code="b">txt</subfield>
   <subfield code="2">rdacontent</subfield>
  </datafield>
  <datafield tag="337" ind1=" " ind2=" ">
   <subfield code="a">ohne Hilfsmittel zu benutzen</subfield>
   <subfield code="b">n</subfield>
   <subfield code="2">rdamedia</subfield>
  </datafield>
  <datafield tag="338" ind1=" " ind2=" ">
   <subfield code="a">Band</subfield>
   <subfield code="b">nc</subfield>
   <subfield code="2">rdacarrier</subfield>
  </datafield>
  <datafield tag="500" ind1=" " ind2=" ">
   <subfield code="a">Literaturverz. S. 95 - 98</subfield>
  </datafield>
  <datafield tag="650" ind1=" " ind2="4">
   <subfield code="a">Deutsches Sprachgebiet</subfield>
   <subfield code="7">(dpeaa)DE-2491</subfield>
  </datafield>
  <datafield tag="650" ind1=" " ind2="4">
   <subfield code="a">Inschrift</subfield>
   <subfield code="7">(dpeaa)DE-2491</subfield>
  </datafield>
  <datafield tag="650" ind1=" " ind2="4">
   <subfield code="a">Epigraphik</subfield>
   <subfield code="7">(dpeaa)DE-2491</subfield>
  </datafield>
  <datafield tag="650" ind1=" " ind2="4">
   <subfield code="a">Terminologie</subfield>
   <subfield code="7">(dpeaa)DE-2491</subfield>
  </datafield>
  <datafield tag="653" ind1=" " ind2="0">
   <subfield code="a">Inscriptions</subfield>
   <subfield code="a">Germany</subfield>
  </datafield>
  <datafield tag="689" ind1="0" ind2="0">
   <subfield code="d">s</subfield>
   <subfield code="0">(DE-588)4152508-5</subfield>
   <subfield code="0">(DE-627)104602953</subfield>
   <subfield code="0">(DE-576)20979609X</subfield>
   <subfield code="a">Epigraphik</subfield>
   <subfield code="2">gnd</subfield>
  </datafield>
  <datafield tag="689" ind1="0" ind2="1">
   <subfield code="d">s</subfield>
   <subfield code="0">(DE-588)4059501-8</subfield>
   <subfield code="0">(DE-627)106143298</subfield>
   <subfield code="0">(DE-576)209131039</subfield>
   <subfield code="a">Terminologie</subfield>
   <subfield code="2">gnd</subfield>
  </datafield>
  <datafield tag="689" ind1="0" ind2=" ">
   <subfield code="5">DE-101</subfield>
  </datafield>
  <datafield tag="689" ind1="1" ind2="0">
   <subfield code="d">s</subfield>
   <subfield code="0">(DE-588)4168659-7</subfield>
   <subfield code="0">(DE-627)104773928</subfield>
   <subfield code="0">(DE-576)209917210</subfield>
   <subfield code="a">Majuskel</subfield>
   <subfield code="2">gnd</subfield>
  </datafield>
  <datafield tag="689" ind1="1" ind2="1">
   <subfield code="d">s</subfield>
   <subfield code="0">(DE-588)4180012-6</subfield>
   <subfield code="0">(DE-627)105329118</subfield>
   <subfield code="0">(DE-576)209995238</subfield>
   <subfield code="a">Schriftzeichen</subfield>
   <subfield code="2">gnd</subfield>
  </datafield>
  <datafield tag="689" ind1="1" ind2=" ">
   <subfield code="5">(DE-627)</subfield>
  </datafield>
  <datafield tag="710" ind1="2" ind2=" ">
   <subfield code="a">Berlin-Brandenburgische Akademie der Wissenschaften</subfield>
   <subfield code="b">Inschriftenkommission</subfield>
   <subfield code="e">Herausgebendes Organ</subfield>
   <subfield code="0">(DE-588)2176589-3</subfield>
   <subfield code="0">(DE-627)268934355</subfield>
   <subfield code="0">(DE-576)19762166X</subfield>
   <subfield code="4">isb</subfield>
  </datafield>
  <datafield tag="710" ind1="2" ind2=" ">
   <subfield code="a">Berlin-Brandenburgische Akademie der Wissenschaften</subfield>
   <subfield code="e">Herausgebendes Organ</subfield>
   <subfield code="0">(DE-588)2131094-4</subfield>
   <subfield code="0">(DE-627)127304606</subfield>
   <subfield code="0">(DE-576)194504700</subfield>
   <subfield code="4">isb</subfield>
  </datafield>
  <datafield tag="787" ind1="0" ind2="8">
   <subfield code="i">Rezension</subfield>
   <subfield code="a">Koch, Matthias</subfield>
   <subfield code="t">[Rezension von: Deutsche Inschriften]</subfield>
   <subfield code="d">2000</subfield>
   <subfield code="w">(DE-627)1547518065</subfield>
   <subfield code="w">(DE-576)477518060</subfield>
  </datafield>
  <datafield tag="856" ind1="4" ind2="2">
   <subfield code="u">http://www.gbv.de/dms/hbz/toc/ht010736511.pdf</subfield>
   <subfield code="m">V:DE-605</subfield>
   <subfield code="q">pdf/application</subfield>
   <subfield code="v">2008-11-15</subfield>
   <subfield code="x">Verlag</subfield>
   <subfield code="y">Inhaltsverzeichnis</subfield>
   <subfield code="3">Inhaltsverzeichnis</subfield>
  </datafield>
  <datafield tag="935" ind1=" " ind2=" ">
   <subfield code="i">Blocktest</subfield>
  </datafield>
  <datafield tag="936" ind1="r" ind2="v">
   <subfield code="a">ND 4400</subfield>
   <subfield code="b">Mittelalterliche und neuzeitliche Inschriften, Allgemeines</subfield>
   <subfield code="k">Geschichte</subfield>
   <subfield code="k">Historische Hilfswissenschaften</subfield>
   <subfield code="k">Epigrafik</subfield>
   <subfield code="k">Mittelalterliche und neuzeitliche Inschriften</subfield>
   <subfield code="k">Mittelalterliche und neuzeitliche Inschriften, Allgemeines</subfield>
   <subfield code="0">(DE-627)1270710346</subfield>
   <subfield code="0">(DE-625)rvk/124964:</subfield>
   <subfield code="0">(DE-576)200710346</subfield>
  </datafield>
  <datafield tag="936" ind1="r" ind2="v">
   <subfield code="a">AM 20165</subfield>
   <subfield code="b">Deutschland, Österreich, Schweiz (dt. Sprachraum)</subfield>
   <subfield code="k">Allgemeines</subfield>
   <subfield code="k">Schrift und Handschriftenkunde. Schriftarten und Schreiben</subfield>
   <subfield code="k">Abendländische Schriften</subfield>
   <subfield code="k">Schriften der einzelnen Länder, allgemein</subfield>
   <subfield code="k">Deutschland, Österreich, Schweiz (dt. Sprachraum)</subfield>
   <subfield code="0">(DE-627)1272082970</subfield>
   <subfield code="0">(DE-625)rvk/4168:</subfield>
   <subfield code="0">(DE-576)202082970</subfield>
  </datafield>
  <datafield tag="936" ind1="r" ind2="v">
   <subfield code="a">AM 21600</subfield>
   <subfield code="b">Deutsche Schrift</subfield>
   <subfield code="k">Allgemeines</subfield>
   <subfield code="k">Schrift und Handschriftenkunde. Schriftarten und Schreiben</subfield>
   <subfield code="k">Abendländische Schriften</subfield>
   <subfield code="k">Schriftarten der Neuzeit</subfield>
   <subfield code="k">Deutsche Schrift</subfield>
   <subfield code="0">(DE-627)1270665065</subfield>
   <subfield code="0">(DE-625)rvk/4188:</subfield>
   <subfield code="0">(DE-576)200665065</subfield>
  </datafield>
  <datafield tag="936" ind1="r" ind2="v">
   <subfield code="a">AM 12100</subfield>
   <subfield code="b">Fachwörterbücher</subfield>
   <subfield code="k">Allgemeines</subfield>
   <subfield code="k">Schrift und Handschriftenkunde. Schriftarten und Schreiben</subfield>
   <subfield code="k">Nachschlagewerke, Allgemeine Darstellungen</subfield>
   <subfield code="k">Fachwörterbücher</subfield>
   <subfield code="0">(DE-627)1270664492</subfield>
   <subfield code="0">(DE-625)rvk/4098:</subfield>
   <subfield code="0">(DE-576)200664492</subfield>
  </datafield>
  <datafield tag="936" ind1="b" ind2="k">
   <subfield code="a">06.13</subfield>
   <subfield code="j">Paläographie</subfield>
   <subfield code="0">(DE-627)106403621</subfield>
  </datafield>
  <datafield tag="936" ind1="b" ind2="k">
   <subfield code="a">15.14</subfield>
   <subfield code="j">Diplomatik</subfield>
   <subfield code="j">Epigraphik</subfield>
   <subfield code="0">(DE-627)181569639</subfield>
  </datafield>
  <datafield tag="951" ind1=" " ind2=" ">
   <subfield code="a">BO</subfield>
  </datafield>
  <datafield tag="990" ind1=" " ind2=" ">
   <subfield code="a">Epigraphik</subfield>
  </datafield>
  <datafield tag="990" ind1=" " ind2=" ">
   <subfield code="a">Terminologie</subfield>
  </datafield>
  <datafield tag="990" ind1=" " ind2=" ">
   <subfield code="a">Majuskel</subfield>
  </datafield>
  <datafield tag="990" ind1=" " ind2=" ">
   <subfield code="a">Schriftzeichen</subfield>
  </datafield>
  <datafield tag="991" ind1=" " ind2=" ">
   <subfield code="a">Rezensiertes Werk</subfield>
  </datafield>
  <datafield tag="999" ind1=" " ind2=" ">
   <subfield code="a">KXP-PPN267564120</subfield>
   <subfield code="e">4043610866</subfield>
  </datafield>
 </record>
</collection>
